| 000 | 02040cam a2200445Ia 4500 | ||
|---|---|---|---|
| 001 | 41085 | ||
| 005 | 20230411085956.0 | ||
| 008 | 981013s1997 cl a b 000 0 spa d | ||
| 035 | _a(OCoLC)ocm40104275 | ||
| 040 |
_aINU _cINU _dOCL _dPIT _dDIBAM _dLILAC |
||
| 029 | 1 |
_aNLGGC _b243411308 |
|
| 029 | 1 |
_aLILAC _b377130 |
|
| 035 | _a(OCoLC)40104275 | ||
| 043 | _acl----- | ||
| 090 |
_aHQ 1460.5 _bC59 1997 |
||
| 049 | _aGRAL | ||
| 245 | 0 | 3 |
_aLa ciudadanâia a debate / _cEugenia Hola y Ana Marâia Portugal, editoras. |
| 260 |
_aSantiago, Chile : _bIsis Internacional, _c1997. |
||
| 300 |
_a159 p. : _bill. ; _c24 cm. |
||
| 440 | 0 |
_aEdiciones de las mujeres, _x0716-8101 ; _vno. 25 |
|
| 504 | _aIncludes bibliographical references. | ||
| 505 | 0 | _aPresentaciâon -- Introducciâon / Eugenia Hola -- Debates sobre comunitarismo, moralidad y polâiticas de identidad / Maxine Molyneux -- Mujeres, ciudadanâia y diferencia -- Nira Yuval-Davis -- Un debate feminista en curso / Virginia Vargas -- Los derechos y la cultura de gâenero / Elizabeth Jelin -- El maternalismo en las polâiticas sociales / Rosario Aguirre -- Pueden los ciudadanos tener familia? / Jeanine Anderson -- Los derechos reproductivos como derechos ciudadanos / Bâerengáere Marques-Pereira -- Las trabajadoras interpelan a la sociedad brasileäna / Paola Cappelin. | |
| 650 | 0 |
_aFeminism _xPolitical aspects _zLatin America. |
|
| 650 | 0 |
_aWomen's rights _zLatin America. |
|
| 650 | 0 |
_aLatin American women _xSocial conditions. |
|
| 650 | 7 |
_aCIUDADANIA _zAMERICA LATINA. _2renib |
|
| 650 | 7 |
_aPARTICIPACION DE LA MUJER _zAMERICA LATINA. _2renib |
|
| 650 | 7 |
_aFEMINISMO _zAMERICA LATINA. _2renib |
|
| 650 | 7 |
_aMUJERES _zAMERICA LATINA _xCONDICIONES SOCIALES. _2renib |
|
| 650 | 1 | 7 |
_aMoral. _2dcs |
| 650 | 1 | 7 |
_aMujeres. _2dcs |
| 650 | 1 | 7 |
_aSexo. _2dcs |
| 650 | 1 | 7 |
_aReproduccion. _2dcs |
| 650 | 2 | 7 |
_aChile. _2dcs |
| 700 | 1 | _aHola A., Eugenia. | |
| 700 | 1 | _aPortugal, Ana Marâia. | |
| 710 | 2 | _aIsis International. | |
| 942 |
_2lcc _cbk |
||
| 994 |
_aC0 _bDRFGD |
||
| 999 |
_c110309 _d110309 |
||